01317nam a22003257a 4500003000500000005001700005008004100022010001000063011001000073020001500083035001100098040000900109082001900118110008600137245012400223260003100347300002000378534009200398590004100490590004100531590004100572590004200613650003200655650003400687901000700721942001000728949007800738999001700816952015800833CHAP20220329143538.0100503s1998 us a r 00010 eng d a98316 a99288 a9264160418 a109974 cCHAP14a338.181bOc1931 aOrganización para la Cooperación y el Desarrollo Económicos. París98355914aThe enviromental effects of reforming agricultural policiesc/por Organisation for Economic Cooperation and Development aParis, Fra. :bOECD,c1998 a130 p. :bilus. pTit originaltLa réforme des politiques agricoles: quels effects sur l'environnement? aBATCH-UPDb10c20130110lUCH01h1141 aBATCH-UPDb10c20130410lUCH01h0727 aBATCH-UPDb10c20130913lUCH01h2253 aCONVERSIONb10c20130109lUCH01h135414aAgricultura y Estado.9203514aPolítica agrícola.990283 aBK cLIBRO a338.181 Oc192bBCcLIBROd33724002125207eLIBROgI.c/eh112449i109974sb c98316d98316 00102ddc4052708GRALaBCbBCcPA_GRALd2019-12-31eI.c/efLIBROl1o338.181 Oc192p33724002125207r2024-10-02 15:29:10s2024-09-13w2019-12-31yLIBRO